000 00204nam a2200085Ia 4500
008 120527s9999 xx 000 0 und d
100 _aEDWARDS,B.Rem.
245 _aForms of value and valuation.
942 _cBK
999 _c23867
_d23867